Statistics for Short Hollywood Marriages

Click here to take the quiz!

General Stats

  • This quiz has been taken 28 times
  • The average score is 8 of 13

Answer Stats

SpouseMarriage LengthHintAnswer% Correct
Jason Alexander (not from Seinfeld)55 hoursOops, she did it again.Britney Spears
96%
Liam Hemsworth8 monthsShe came in like a wrecking ball...and this was the result.Miley Cyrus
81%
Nicolas Cage3 monthsI wonder if she stayed at her father's Heartbreak Hotel?Lisa Marie Presley
77%
Kris Humphries72 daysShe broke her vows before later "breaking the Internet".Kim Kardashian
73%
Jennifer Esposito4 monthsNo Silver Linings Playbook in this marriage.Bradley Cooper
65%
Barry Herridge18 daysAh divorce, Nothing Compares 2 U.Sinead O'Connor
65%
Kenny Chesney4 months"You had me at Hello" was obviously a lie.Renee Zellweger
58%
Carmen Electra9 daysHe also married himself one time.Dennis Rodman
54%
Rick Salomon2 monthsNot even running on a beach in slow motion could make this marriage last long.Pamela Anderson
46%
Chris Judd8 monthsDon't be fooled by the rocks that she's got, she loves you. Not!Jennifer Lopez
42%
Ali Landry2 weeksToo bad this marriage couldn't be saved by the bell.Mario Lopez
42%
Evelyn Lozada41 daysThis guy's name had officially been a number...in Spanish.Chad Johnson
38%
Erika Koike4 daysAt least the marriage wasn't gone in 60 seconds...Nicolas Cage
38%

Score Distribution

Percentile by Number Answered

Percent of People with Each Score

Your Score History

You have not taken this quiz